Děda, babi, Pegyna a my /

Main Author: Šimková, Martina, 1987 prosinec 8.-
Language: Czech
Published: Zruč-Senec : Arboretum, 2020
Edition: 1. vydání
Physical Description: 58 stran : ilustrace (převážně barevné) ; 26 cm
Book
Saved in:
LEADER 01567nam a2200445 i 4500
001 nkc20203254648
003 CZ PrNK
005 20210429080338.0
007 ta
008 200921s2020 xr a g 000 j cze
015 |a cnb003254648 
020 |a 978-80-905020-1-7  |q (brožováno) 
035 |a (OCoLC)1204254192 
040 |a OLA001  |b cze  |e rda 
072 7 |a 821.162.3-3  |x Česká próza  |2 Konspekt  |9 25 
072 7 |a 821-93  |x Literatura pro děti a mládež (beletrie)  |2 Konspekt  |9 26 
080 |a 821.162.3-32  |2 MRF 
080 |a 821-93  |2 MRF 
080 |a (0:82-32)  |2 MRF 
080 |a (0.027.6)74/77  |2 MRF 
100 1 |a Šimková, Martina,  |d 1987 prosinec 8.-  |7 pna2012702531  |4 aut  |4 ill 
245 1 0 |a Děda, babi, Pegyna a my /  |c pro děti napsala a nakreslila Martina Šimková 
250 |a 1. vydání 
264 1 |a Zruč-Senec :  |b Arboretum,  |c 2020 
300 |a 58 stran :  |b ilustrace (převážně barevné) ;  |c 26 cm 
336 |a text  |b txt  |2 rdacontent 
336 |a statický obraz  |b sti  |2 rdacontent 
337 |a bez média  |b n  |2 rdamedia 
338 |a svazek  |b nc  |2 rdacarrier 
655 7 |a české příběhy  |7 fd133973  |2 czenas 
655 7 |a publikace pro děti  |7 fd133156  |2 czenas 
655 7 |a autorské knihy  |7 fd756049  |2 czenas 
655 9 |a Czech stories  |2 eczenas 
655 9 |a children's literature  |2 eczenas 
655 9 |a authors' books  |2 eczenas 
910 2 |a BOA001  |b 2-1459.476 
990 |a BK 
995 |a 01 
991 |b 202104  |c NOV 
996 6 |b 2610854848  |c 2-1459.476  |l MZK  |r Sklad / do 1 hodiny  |n 0  |p p.v.  |w 001841861  |u 000010  |a 1  |e BOA001  |j MZK50  |s P